| 000 | 00586nam a2200181 4500 | ||
|---|---|---|---|
| 001 | 3626 | ||
| 005 | 20181127171635.0 | ||
| 008 | 730522s1943 nyua b 000 0 eng | ||
| 010 | _a 43017761 | ||
| 100 | 1 |
_aMacDuffee, Cyrus Colton, _d1895- |
|
| 245 | 1 | 0 |
_aVectors and matrices / _cCyrus Colton MacDuffee. |
| 260 |
_aNew York : _bThe Mathematical Association of America, _c1966. |
||
| 300 |
_axi, 203 p. ; _b _c20 cm. |
||
| 440 | 4 |
_aThe Carus mathematical monographs, _vno. 7 |
|
| 504 | _aBibliography: p. 189-190. | ||
| 650 | 0 | _aMatrices. | |
| 730 | _aMathematical Association of America. | ||
| 999 |
_c2955 _d2955 |
||